000 01071nam0a2200289 i 4500
001 RU\NLR\BIBL_A\011273950
005 20240726221512.0
010 _a9785408032280
_95000
021 _aRU
_b2016-84375
_95513
035 _a(NLR Aleph) 011273950
090 _a10834429
_c10834429
100 _a20161116d2017 u y0rusy50 ca
101 0 _arus
102 _aRU
105 _aa z 000zy
181 0 _ai
_baxxe
182 0 _an
200 1 _aНЕ и НИ с различными частями речи
_eрабочая тетрадь по русскому языку
_e5-9 классы
_fЛ. Ю. Клевцова, Л. В. Шубукина
203 _aТекст
_bвизуальный
_cнепосредственный
210 _aМосква
_cВАКО
_d2017
215 _a63, [1] с.
_cтабл.
_d24
225 1 _aСоответствует ФГОС
700 1 _aКлевцова
_bЛ. Ю.
_gЛюдмила Юрьевна
701 1 _aШубукина
_bЛ. В.
_gЛидия Владиславовна
942 _cBOOK
980 _aNBR